| 000 | 00000nam 2200000zi 4500 |
| 001 | 9.953935 |
| 003 | CaOODSP |
| 005 | 20250829150652 |
| 006 | m o d f |
| 007 | cr mn||||||||| |
| 008 | 250811e202508##quc o f000 0 eng d |
| 020 | |a9780660784267 |
| 040 | |aCaOODSP|beng|erda|cCaOODSP |
| 043 | |an-cn--- |
| 086 | 1 |aEn4-775/2025E-PDF |
| 245 | 00|aAudit of information technology governance / |cAudit and Evaluation Branch. |
| 264 | 1|aGatineau, Quebec : |bEnvironment and Climate Change Canada = Environnement et changement climatique Canada, |cAugust 2025. |
| 264 | 4|c©2025 |
| 300 | |a1 online resource (iii, 22 pages) |
| 336 | |atext|btxt|2rdacontent |
| 337 | |acomputer|bc|2rdamedia |
| 338 | |aonline resource|bcr|2rdacarrier |
| 500 | |aCover title. |
| 500 | |aIssued also in French under title: Audit de la gouvernance des technologies de l'information. |
| 520 | |a"To assess the extent to which Environment and Climate Change Canada (ECCC) has an effective information technology (IT) governance structure in place that clearly identifies accountabilities and supports decision-making"--Objective, page 1. |
| 610 | 10|aCanada. |bEnvironment and Climate Change Canada.|xInformation resources management|xAuditing. |
| 610 | 10|aCanada. |bEnvironment and Climate Change Canada.|xInformation technology|xManagement|xAuditing. |
| 710 | 1 |aCanada. |bEnvironment and Climate Change Canada. |bAudit and Evaluation Branch, |eissuing body. |
| 775 | 08|tAudit de la gouvernance des technologies de l'information / |w(CaOODSP)9.953936 |
| 856 | 40|qPDF|s444 KB|uhttps://publications.gc.ca/collections/collection_2025/eccc/en4/En4-775-2025-eng.pdf |
| 986 | |a25019.04 |